| Tag |
First Indicator |
Second Indicator |
Subfields |
| LEADER |
00000cam a2200000 4500 |
| 001 |
in00000038274 |
| 005 |
20151007080932.0 |
| 008 |
800424s1956 nyu 00000 eng d |
| 035 |
|
|
|a (OCoLC)06241421
|
| 035 |
|
|
|9 AAF5623AM
|
| 040 |
|
|
|a TXA
|c TXA
|d UtOrBLW
|
| 049 |
|
|
|a TXAM
|c [273861]
|
| 090 |
|
|
|a BT1102
|b .B54 1956
|
| 092 |
|
|
|a 239
|b B637f
|
| 100 |
1 |
|
|a Blamires, Harry.
|
| 245 |
1 |
4 |
|a The faith and modern error ;
|b an essay on the Christian message in the twentieth century.
|
| 264 |
|
1 |
|a New York :
|b Macmillan,
|c 1956.
|
| 300 |
|
|
|a 145 pages ;
|c 23 cm.
|
| 336 |
|
|
|a text
|b txt
|2 rdacontent
|
| 337 |
|
|
|a unmediated
|b n
|2 rdamedia
|
| 338 |
|
|
|a volume
|b nc
|2 rdacarrier
|
| 650 |
|
0 |
|a Apologetics
|x History
|y 20th century.
|
| 999 |
|
|
|a MARS
|
| 999 |
f |
f |
|s 46db237b-82c5-320c-97c7-b97e3d0ac4a6
|i 0c953498-d08c-3d9b-aed8-830c5d674a0c
|t 0
|
| 952 |
f |
f |
|p ric
|a Texas A&M University
|b Rellis Campus
|c Joint Library Facility
|d Remote Storage
|t 0
|e BT1102 .B54 1956
|h Library of Congress classification
|i unmediated -- volume
|m A14800609275
|
| 998 |
f |
f |
|a BT1102 .B54 1956
|t 0
|l Remote Storage
|